000 00728nam a2200289Ia 4500
001 19569
003 IT-RoPAU
008 130308s9999 xx 000 0 und d
040 _aIT-RoPAU
040 _cIT-RoPAU
041 _aITALIANO
100 _aDior Christian
100 _gCodice Aut. SPICS: 935
245 _aEleganza di Parigi
245 _bModa e Il costume nel Film (La)
250 _a1a ed.
260 _aROMA
260 _bBianco E Nero
260 _c1950 [1° Ed.:1950 - Ed.Ling.Originale:1950]
300 _a"1 p. (prefazione: no ; testo: 1 [pagine: 63-63])"
650 _aSAGGI SUL CINEMA
650 _eCodice materia Spics: 6811
942 _cBK
957 _71
999 _c55255
_d55255
999 _bSI
999 _g1